| 000 | 00559nam a2200229Ia 4500 | ||
|---|---|---|---|
| 003 | OSt | ||
| 005 | 20221005114703.0 | ||
| 006 | a|||||r|||| 00| 0 | ||
| 007 | ta | ||
| 008 | 221004b |||||||| |||| 00| 0 ara d | ||
| 024 | _a113393 | ||
| 037 | _cTextual | ||
| 040 |
_aCRL _cCRL _bara |
||
| 041 |
_2ara _aara |
||
| 082 | _aQ7v46, 28F2 | ||
| 100 |
_aAbdul Hee _9626372 |
||
| 245 | 0 | _aBalbasayar fi al ashayar | |
| 260 | _c1922 | ||
| 650 | _aARABIC LITERATURE | ||
| 942 |
_hQ7v46, 28F2 _cTEXL _2cc |
||
| 999 |
_c1032093 _d1032093 |
||